Taylor Swift - Paroles I Forgot That You Existed - Statistiques

Statistiques générales
  • Ce quiz a été pris 34 fois
  • Le résultat moyen est 244 sur 293
Statistiques - réponses
Hint Réponse % Correct
a
100%
existed
100%
for
100%
forgot
100%
I
100%
it
100%
It
100%
It's
100%
it's
100%
that
100%
you
100%
And
95%
and
95%
Pré-refrain But
95%
but
95%
did
95%
did,
95%
didn't
95%
in
95%
In
95%
kill
95%
me
95%
me,
95%
so
95%
So
95%
(so
95%
the
95%
thought
95%
to
95%
who
95%
would
95%
all
89%
just
89%
love,
89%
on
89%
then
89%
they
89%
was
89%
were
89%
what
89%
hate
84%
hate,
84%
if
84%
isn't
84%
my
84%
nice
84%
are,
79%
blur
79%
from
79%
hard
79%
indifference
79%
lessons
79%
one
79%
peaceful
79%
quiet
79%
some
79%
wrong,
79%
wrong ?
79%
Your
79%
your
79%
As
74%
as
74%
been
74%
down,
74%
down
74%
Couplet 1 How
74%
how
74%
magical
74%
mind
74%
night
74%
something
74%
Taught
74%
clear
68%
Couplet 2 Got
68%
happened
68%
many
68%
message
68%
of
68%
out
68%
popcorn
68%
there,
68%
up
68%
yeah
68%
yeah)
68%
away
63%
came
63%
couldn't
63%
Even
63%
Free
63%
front
63%
nobody
63%
row
63%
Bridge Sent
63%
show
63%
soon
63%
town,
63%
'bout
58%
days
58%
get
58%
going
58%
gone,
58%
gone
58%
ground,
58%
ground
58%
livin'
58%
right
58%
sunshine
58%
Thinkin'
58%
ya
58%
hit
53%
lips,
53%
name
53%
rent,
53%
rep
53%
showed
53%
spend
53%
than
53%
whole
53%
would've
53%
Would've
53%
around
47%
Drake,
47%
feelings
47%
more
47%
tongue
47%
Lived
42%
schoolyard
42%
shade
42%
stuck
42%
throwin'
42%
tied
42%
'Til
42%
starting
37%
tripped
37%
Laughed
32%
fought
26%
Aucun quiz correspondant
Distribution des résultats
% des personnes avec chaque résultat
Percentile par nombre de réponses
Votre historique - résultats
Vous n’avez pas pris ce quiz